| 000 | 00592nam a2200205Ia 4500 | ||
|---|---|---|---|
| 003 | GCL | ||
| 008 | 140319s9999 xx 000 0 ara d | ||
| 020 | _a3073517977 | ||
| 040 |
_aGCL / _cGCL |
||
| 082 | 0 | 4 |
_aط _b813 _bن م |
| 100 | 1 | _aنزية جرجس | |
| 245 | 1 | 0 |
_aماذا تعرف عن الجمال / _cنزية جرجس |
| 260 |
_aالقاهرة : _bالقماطى للنشر و التوزيع ، _c2003 |
||
| 300 |
_a ؛ _c18 سم |
||
| 490 | _a | ||
| 650 | 0 | 4 | _aقصص الاطفال |
| 650 | 0 | 4 | _aادب الاطفال |
| 650 | 0 | 4 | _aكتب الاطفال |
| 942 |
_2ddc _cBK |
||
| 999 |
_c31614 _d31614 |
||